Quiz Cultura Generale - Quiz n°52 - Statistics

Statistiche generali
  • Questo quiz è stato fatto 293 volte
    205 dall'ultimo reset
  • Il punteggio medio è 8 su 15
Statistiche sulle risposte
Domanda Risposta % Corretto
Di quale catena montuosa fa parte il Monte Bianco? Alpi
99%
Chi è famosi per dipingere spesso i girasoli? Vincent Van Gogh
92%
Qual è l'acronimo della Central Intelligence Agency? CIA
89%
Quante sono le Bolge infernali dantesche? 10
73%
Quale azienda aerospaziale costituita da Elon Musk ha come obiettivo creare le tecnologie per ridurre i costi dell'accesso allo spazio e permettere la colonizzazione di Marte? SpaceX
60%
Come si chiamavano i membri della casta militare del Giappone feudale? Samurai
59%
Quante partite ha vinto la nazionale di calcio di San Marino? 3
56%
Qual è il pianeta più freddo del Sistema solare? Urano
51%
Oltre a Toro e Vergine, qual è l'altro segno zodiacale di terra? Capricorno
45%
In Dragonball, come si chiama il figlio maggiore di Goku? Son Gohan
41%
In quale settimanale si trova il "Quesito con la Susi"? La Settimana Enigmistica
37%
Come è detto un mare forza 3? Mosso
35%
Quale città americana è soprannominata "Windy city" (Città del vento)? Chicago
32%
Come si chiama l'antagonista di Braccio di Ferro? Bluto
25%
Quale organo è ingrossato in caso di splenomegalia? Milza
18%
Nessun quiz corrispondente trovato
Distribuzione punteggi
Percentuale di utenti per punteggio
Percentile per numero di risposta
I tuoi punteggi nel tempo
Non hai fatto questo quiz dall'ultimo reset